[Event "DVM U12 2016"]
[Site "Magdeburg GER"]
[Date "2016.12.30"]
[Round "7"]
[White "Toval, David"]
[Black "Breitzmann, Sander"]
[Result "0-1"]
[Termination "normal"]
[Board "6.1"]
[WhiteElo "1739"]
[BlackElo "1705"]
[WhiteClock "00:12:49"]
[BlackClock "00:09:42"]
[WhiteTeam "SK Münster"]
[BlackTeam "SV Empor Berlin"]
[PlyCount "99"]
[WhiteFideId "12992755"]
[BlackFideId "12987085"]
[EventCountry "GER"]
[EventRounds "7"]
[EventType "team-swiss"]
[EventDate "2016.12.26"]

1. e4 {[%clk 1:15:53]} e5 {[%clk 1:15:56]} 2. Nf3 {[%clk 1:16:19]} Nc6 {[%clk
1:16:21]} 3. Bb5 {[%clk 1:16:39]} a6 {[%clk 1:16:42]} 4. Ba4 {[%clk 1:16:56]}
Nf6 {[%clk 1:17:01]} 5. O-O {[%clk 1:17:17]} Be7 {[%clk 1:17:09]} 6. Re1 {[%clk
1:17:42]} d6 {[%clk 1:17:35]} 7. c3 {[%clk 1:17:44]} b5 {[%clk 1:18:00]} 8. Bb3
{[%clk 1:13:46]} Na5 {[%clk 1:17:34]} 9. Bc2 {[%clk 1:13:55]} c5 {[%clk
1:17:44]} 10. d4 {[%clk 1:13:50]} cxd4 {[%clk 1:17:58]} 11. cxd4 {[%clk
1:13:50]} Qc7 {[%clk 1:18:07]} 12. h3 {[%clk 1:05:02]} O-O {[%clk 1:17:33]} 13.
Nc3 {[%clk 1:03:19]} Bb7 {[%clk 1:10:05]} 14. d5 {[%clk 1:03:10]} Rac8 {[%clk
1:08:22]} 15. Bd3 {[%clk 1:01:14]} Nc4 {[%clk 1:01:41]} 16. Ne2 {[%clk
1:00:10]} Rfe8 {[%clk 0:55:12]} 17. Ng3 {[%clk 0:57:30]} Bf8 {[%clk 0:55:09]}
18. b3 {[%clk 0:56:28]} Nb6 {[%clk 0:51:46]} 19. Be3 {[%clk 0:55:15]} Nbd7
{[%clk 0:50:09]} 20. Qd2 Bxd5 {[%clk 0:29:30]} 21. exd5 {[%clk 0:44:12]} e4
{[%clk 0:29:46]} 22. Rac1 {[%clk 0:27:19]} Qb7 {[%clk 0:29:22]} 23. Rxc8 {[%clk
0:27:42]} Qxc8 {[%clk 0:29:48]} 24. Rc1 {[%clk 0:28:03]} Qb7 {[%clk 0:30:08]}
25. Nxe4 {[%clk 0:26:02]} Nxe4 {[%clk 0:30:25]} 26. Bxe4 {[%clk 0:26:00]} Rxe4
{[%clk 0:30:08]} 27. Qd3 {[%clk 0:24:59]} Re8 {[%clk 0:25:46]} 28. Rc6 {[%clk
0:09:48]} Rc8 {[%clk 0:22:13]} 29. Qc2 {[%clk 0:09:16]} Rd8 {[%clk 0:19:58]}
30. Ng5 {[%clk 0:04:38]} g6 {[%clk 0:19:50]} 31. Qe4 {[%clk 0:01:03]} Ne5
{[%clk 0:10:07]} 32. Rb6 {[%clk 0:01:03]} Qc8 {[%clk 0:06:52]} 33. Qh4 {[%clk
0:01:13]} h5 {[%clk 0:05:38]} 34. g4 {[%clk 0:00:34]} Be7 {[%clk 0:05:08]} 35.
Kg2 {[%clk 0:00:33]} Qa8 {[%clk 0:04:29]} 36. gxh5 {[%clk 0:00:32]} Bxg5 {[%clk
0:03:01]} 37. Bxg5 {[%clk 0:00:32]} Qxd5+ {[%clk 0:03:25]} 38. Kf1 {[%clk
0:00:33]} Qh1+ {[%clk 0:03:40]} 39. Ke2 {[%clk 0:00:59]} Qf3+ {[%clk 0:04:04]}
40. Kd2 {[%clk 0:00:32]} Qd3+ {[%clk 0:03:30]} 41. Kc1 {[%clk 0:00:43]} Rc8+
{[%clk 0:03:29]} 42. Kb2 {[%clk 0:00:42]} Rc2+ {[%clk 0:01:38]} 43. Ka3 {[%clk
0:01:03]} Nc4+ {[%clk 0:01:13]} 44. Qxc4 {[%clk 0:13:47]} Rxc4 {[%clk 0:15:27]}
45. Rb8+ {[%clk 0:14:09]} Kh7 {[%clk 0:15:36]} 46. h6 {[%clk 0:13:30]} b4+
{[%clk 0:12:16]} 47. Ka4 {[%clk 0:13:05]} Qd5 {[%clk 0:09:41]} 48. Bf6 {[%clk
0:12:42]} Rc8 {[%clk 0:09:42]} 49. Rxb4 {[%clk 0:12:49]} Rc4 50. Rb8 0-1

[Event "DVM U12 2016"]
[Site "Magdeburg GER"]
[Date "2016.12.30"]
[Round "7"]
[White "Nitsche, Nikolai"]
[Black "Kamp, Adrian"]
[Result "1/2-1/2"]
[Termination "normal"]
[Board "6.2"]
[WhiteElo "1314"]
[BlackElo "1751"]
[WhiteClock "00:40:14"]
[BlackClock "00:12:20"]
[WhiteTeam "SV Empor Berlin"]
[BlackTeam "SK Münster"]
[PlyCount "82"]
[WhiteFideId "16221036"]
[BlackFideId "16222466"]
[EventCountry "GER"]
[EventRounds "7"]
[EventType "team-swiss"]
[EventDate "2016.12.26"]

1. d4 {[%clk 1:15:58]} Nf6 {[%clk 1:15:46]} 2. Bf4 {[%clk 1:16:15]} g6 {[%clk
1:15:47]} 3. Nf3 {[%clk 1:15:49]} Bg7 {[%clk 1:15:44]} 4. e3 {[%clk 1:15:31]}
O-O {[%clk 1:15:28]} 5. Be2 {[%clk 1:15:14]} d6 {[%clk 1:15:18]} 6. O-O {[%clk
1:14:58]} c5 {[%clk 1:13:55]} 7. c3 {[%clk 1:15:00]} b6 {[%clk 1:12:22]} 8. h3
{[%clk 1:12:15]} Bb7 {[%clk 1:09:28]} 9. Nbd2 {[%clk 1:12:04]} Nbd7 {[%clk
1:00:52]} 10. Qb3 {[%clk 1:07:46]} a6 {[%clk 0:58:30]} 11. a4 {[%clk 1:07:55]}
Re8 {[%clk 0:49:13]} 12. Bc4 {[%clk 1:07:01]} d5 {[%clk 0:48:34]} 13. Be2
{[%clk 1:07:10]} c4 {[%clk 0:47:52]} 14. Qc2 {[%clk 1:05:45]} b5 {[%clk
0:42:26]} 15. b4 {[%clk 1:04:47]} Nb6 {[%clk 0:33:34]} 16. a5 {[%clk 1:03:47]}
Nc8 {[%clk 0:33:39]} 17. Ne5 {[%clk 1:03:47]} Nd7 {[%clk 0:32:46]} 18. Nxd7
{[%clk 1:03:34]} Qxd7 {[%clk 0:32:06]} 19. Bf3 {[%clk 1:01:52]} Nd6 {[%clk
0:29:58]} 20. Rfe1 {[%clk 1:00:23]} f5 {[%clk 0:28:53]} 21. Be2 {[%clk
0:58:00]} Ne4 {[%clk 0:25:12]} 22. Nxe4 {[%clk 0:57:06]} dxe4 {[%clk 0:24:59]}
23. Rad1 {[%clk 0:56:30]} Bd5 {[%clk 0:25:17]} 24. Qd2 {[%clk 0:56:33]} e6
{[%clk 0:25:17]} 25. Rf1 {[%clk 0:52:25]} Qb7 {[%clk 0:24:15]} 26. Be5 {[%clk
0:49:45]} Rad8 {[%clk 0:23:28]} 27. Bxg7 {[%clk 0:49:40]} Kxg7 {[%clk 0:23:49]}
28. f3 {[%clk 0:48:56]} Rd7 {[%clk 0:22:42]} 29. fxe4 {[%clk 0:48:36]} Bxe4
{[%clk 0:22:49]} 30. Bf3 {[%clk 0:43:26]} Bd5 {[%clk 0:20:16]} 31. Qe2 {[%clk
0:43:30]} Red8 {[%clk 0:16:47]} 32. Rfe1 {[%clk 0:41:15]} Bxf3 {[%clk 0:15:48]}
33. Qxf3 {[%clk 0:41:09]} Qxf3 {[%clk 0:16:11]} 34. gxf3 {[%clk 0:41:32]} e5
{[%clk 0:16:28]} 35. f4 {[%clk 0:40:03]} e4 {[%clk 0:15:34]} 36. Kf2 {[%clk
0:40:22]} Kf6 {[%clk 0:15:09]} 37. Rg1 {[%clk 0:40:37]} h6 {[%clk 0:15:25]} 38.
h4 {[%clk 0:40:54]} Rg7 {[%clk 0:15:03]} 39. Rg2 {[%clk 0:40:22]} Rdg8 {[%clk
0:12:03]} 40. Rdg1 {[%clk 0:39:51]} h5 {[%clk 0:12:10]} 41. Rg5 {[%clk
0:40:14]} Rd8 {[%clk 0:12:20]} 1/2-1/2

[Event "DVM U12 2016"]
[Site "Magdeburg GER"]
[Date "2016.12.30"]
[Round "7"]
[White "Schröder, Lennart"]
[Black "Beer, Ludwig"]
[Result "0-1"]
[Termination "normal"]
[Board "6.3"]
[WhiteElo "1503"]
[BlackElo "1235"]
[WhiteTeam "SK Münster"]
[BlackTeam "SV Empor Berlin"]
[PlyCount "106"]
[WhiteFideId "16222490"]
[BlackFideId "16202813"]
[EventCountry "GER"]
[EventRounds "7"]
[EventType "team-swiss"]
[EventDate "2016.12.26"]

1. d4 d5 2. c4 e6 3. Nf3 Nf6 4. g3 c6 5. Bg2 Nbd7 6. Qc2 Be7 7. O-O O-O 8. Nbd2
Qc7 9. e4 Nb6 10. c5 Nbd7 11. exd5 exd5 12. Re1 Re8 13. Nf1 b6 14. Bf4 Qb7 15.
cxb6 axb6 16. Ne3 Nf8 17. a3 Ng6 18. Be5 Nxe5 19. Nxe5 Bd7 20. b4 Ra7 21. Rec1
Rc8 22. Nxd7 Qxd7 23. Qf5 Qxf5 24. Nxf5 Bf8 25. Ne3 Re7 26. Bxd5 Rxe3 27. Bxf7+
Kxf7 28. fxe3 Ng4 29. e4 c5 30. Rc3 g6 31. dxc5 bxc5 32. Rac1 Bg7 33. Rf3+ Kg8
34. bxc5 Rxc5 35. Rd1 Rc8 36. a4 Bh6 37. a5 Be3+ 38. Kg2 Rc2+ 39. Kh3 Nf2+ 40.
Rxf2 Rxf2 41. Ra1 Rf7 42. a6 Kg7 43. e5 Re7 44. e6 Kf6 45. Kg4 Ba7 46. h4 h5+
47. Kh3 Rxe6 48. Rb1 Rxa6 49. Rb3 Re6 50. g4 hxg4+ 51. Kxg4 Re4+ 52. Kg3 Re3+
53. Rxe3 Bxe3 0-1

[Event "DVM U12 2016"]
[Site "Magdeburg GER"]
[Date "2016.12.30"]
[Round "7"]
[White "Eulenstein, Conrad"]
[Black "Van Lindt, Raffael"]
[Result "1-0"]
[Termination "normal"]
[Board "6.4"]
[WhiteElo "1133"]
[BlackElo "1049"]
[WhiteClock "00:42:24"]
[BlackClock "00:01:41"]
[WhiteTeam "SV Empor Berlin"]
[BlackTeam "SK Münster"]
[PlyCount "84"]
[BlackFideId "12998834"]
[EventCountry "GER"]
[EventRounds "7"]
[EventType "team-swiss"]
[EventDate "2016.12.26"]

1. e4 {[%clk 1:15:57]} e5 {[%clk 1:15:48]} 2. Nf3 {[%clk 1:16:14]} Nc6 {[%clk
1:16:14]} 3. Bc4 {[%clk 1:16:32]} Bc5 {[%clk 1:16:36]} 4. Nc3 {[%clk 1:16:44]}
Nf6 {[%clk 1:16:44]} 5. d3 {[%clk 1:16:37]} d6 {[%clk 1:16:50]} 6. Bg5 {[%clk
1:16:19]} h6 {[%clk 1:16:44]} 7. Bh4 {[%clk 1:16:26]} Be6 {[%clk 1:16:12]} 8.
Bb3 {[%clk 1:14:58]} O-O {[%clk 1:13:50]} 9. h3 {[%clk 1:13:27]} Nb8 {[%clk
1:10:24]} 10. g4 {[%clk 1:08:57]} Nbd7 {[%clk 1:05:51]} 11. g5 {[%clk 1:07:00]}
hxg5 {[%clk 1:02:40]} 12. Bxg5 {[%clk 1:06:19]} c6 {[%clk 1:01:17]} 13. Rg1
{[%clk 0:59:12]} Qb6 {[%clk 0:56:39]} 14. Qe2 {[%clk 0:57:19]} Bxh3 {[%clk
0:52:47]} 15. O-O-O {[%clk 0:55:43]} Bxf2 {[%clk 0:41:11]} 16. Na4 {[%clk
0:55:44]} Bxg1 {[%clk 0:28:48]} 17. Nxb6 {[%clk 0:55:43]} Bxb6 {[%clk 0:29:00]}
18. Rh1 {[%clk 0:55:21]} Bg4 {[%clk 0:24:43]} 19. Qh2 {[%clk 0:53:40]} Nh5
{[%clk 0:20:25]} 20. Qg2 {[%clk 0:51:32]} Bxf3 {[%clk 0:18:52]} 21. Qxf3 {[%clk
0:51:22]} g6 {[%clk 0:17:45]} 22. Be7 {[%clk 0:50:45]} Nc5 {[%clk 0:03:30]} 23.
Bxf8 {[%clk 0:50:07]} Nxb3+ {[%clk 0:03:23]} 24. axb3 {[%clk 0:50:05]} Rxf8
{[%clk 0:03:43]} 25. Qg4 {[%clk 0:48:19]} Ng7 {[%clk 0:02:27]} 26. Rf1 {[%clk
0:46:28]} Be3+ {[%clk 0:02:11]} 27. Kb1 {[%clk 0:46:39]} Bf4 {[%clk 0:02:31]}
28. Qd7 {[%clk 0:45:16]} Ne8 {[%clk 0:01:52]} 29. Qxb7 {[%clk 0:44:58]} c5
{[%clk 0:01:51]} 30. Qxa7 {[%clk 0:43:57]} Kg7 {[%clk 0:01:24]} 31. Qd7 {[%clk
0:43:50]} Kg8 {[%clk 0:00:50]} 32. Qh3 {[%clk 0:43:27]} Ng7 {[%clk 0:00:51]}
33. c3 {[%clk 0:43:14]} Rd8 {[%clk 0:00:53]} 34. Kc2 {[%clk 0:43:10]} Kf8
{[%clk 0:01:12]} 35. Qh8+ {[%clk 0:43:22]} Ke7 {[%clk 0:01:32]} 36. Qxg7 {[%clk
0:43:31]} Ke8 {[%clk 0:01:27]} 37. b4 {[%clk 0:43:43]} Ke7 {[%clk 0:01:08]} 38.
bxc5 {[%clk 0:43:34]} dxc5 {[%clk 0:01:26]} 39. d4 {[%clk 0:42:07]} Rxd4 {[%clk
0:01:50]} 40. Rxf4 {[%clk 0:41:53]} Rc4 {[%clk 0:01:41]} 41. Kb3 {[%clk
0:42:10]} exf4 {[%clk 0:01:41]} 42. Kxc4 {[%clk 0:42:24]} Ke8 1-0

[Event "DVM U12 2016"]
[Site "Magdeburg GER"]
[Date "2016.12.30"]
[Round "7"]
[White "Noever, Niklas"]
[Black "Lutz, Ruben"]
[Result "0-1"]
[Termination "normal"]
[Board "7.1"]
[WhiteElo "1648"]
[BlackElo "1843"]
[WhiteClock "00:04:08"]
[BlackClock "00:09:35"]
[WhiteTeam "Rheydter SV"]
[BlackTeam "USV TU Dresden"]
[PlyCount "120"]
[WhiteFideId "12988642"]
[BlackFideId "12975974"]
[EventCountry "GER"]
[EventRounds "7"]
[EventType "team-swiss"]
[EventDate "2016.12.26"]

1. e4 {[%clk 1:15:47]} e6 {[%clk 1:15:46]} 2. d3 {[%clk 1:16:14]} d5 {[%clk
1:16:02]} 3. Nd2 {[%clk 1:16:39]} Nf6 {[%clk 1:16:19]} 4. g3 {[%clk 1:16:20]}
b6 {[%clk 1:16:18]} 5. Bg2 {[%clk 1:16:39]} Bb7 {[%clk 1:16:31]} 6. Nh3 {[%clk
1:15:22]} Be7 {[%clk 1:15:38]} 7. O-O {[%clk 1:15:23]} c5 {[%clk 1:11:41]} 8.
c3 {[%clk 1:13:12]} Nc6 {[%clk 1:09:21]} 9. Qe2 {[%clk 1:11:58]} Qc7 {[%clk
1:06:32]} 10. b3 {[%clk 1:03:03]} h6 {[%clk 1:04:26]} 11. Bb2 {[%clk 1:02:50]}
O-O-O {[%clk 1:03:33]} 12. f4 {[%clk 0:52:11]} d4 {[%clk 0:51:21]} 13. cxd4
{[%clk 0:48:56]} Nxd4 {[%clk 0:51:18]} 14. Bxd4 {[%clk 0:49:05]} Rxd4 {[%clk
0:51:26]} 15. Nf3 {[%clk 0:47:26]} Rdd8 {[%clk 0:50:17]} 16. Rac1 {[%clk
0:42:42]} Ba6 {[%clk 0:47:25]} 17. Nf2 {[%clk 0:36:01]} Nd7 {[%clk 0:34:34]}
18. Qe3 {[%clk 0:31:35]} Nb8 {[%clk 0:31:16]} 19. Rfd1 {[%clk 0:30:01]} Nc6
{[%clk 0:31:06]} 20. Rd2 {[%clk 0:15:55]} Kb8 {[%clk 0:29:08]} 21. Rcd1 {[%clk
0:10:37]} Nd4 {[%clk 0:28:26]} 22. Ng4 {[%clk 0:09:56]} Bf6 {[%clk 0:23:18]}
23. e5 {[%clk 0:09:06]} Be7 {[%clk 0:23:37]} 24. Nxd4 {[%clk 0:08:20]} Rxd4
{[%clk 0:23:52]} 25. Qf3 {[%clk 0:08:37]} Bb7 {[%clk 0:24:04]} 26. Qxb7+ {[%clk
0:08:53]} Qxb7 {[%clk 0:24:28]} 27. Bxb7 {[%clk 0:09:19]} Kxb7 {[%clk 0:24:49]}
28. a4 {[%clk 0:08:41]} Rhd8 {[%clk 0:24:19]} 29. Nf2 {[%clk 0:08:31]} a6
{[%clk 0:23:18]} 30. Kf1 {[%clk 0:08:03]} Rb4 {[%clk 0:21:42]} 31. Rb2 {[%clk
0:07:28]} b5 {[%clk 0:19:30]} 32. axb5 {[%clk 0:07:53]} axb5 {[%clk 0:19:53]}
33. Rdd2 {[%clk 0:07:25]} Ra8 {[%clk 0:19:23]} 34. Ne4 {[%clk 0:07:24]} Rd4
{[%clk 0:17:30]} 35. Ke2 {[%clk 0:06:06]} Ra3 {[%clk 0:16:18]} 36. Rdc2 {[%clk
0:05:41]} Kb6 {[%clk 0:16:09]} 37. Nd2 {[%clk 0:05:02]} Ra8 {[%clk 0:14:52]}
38. Ne4 {[%clk 0:04:30]} h5 {[%clk 0:13:21]} 39. h4 {[%clk 0:02:55]} Rad8
{[%clk 0:12:52]} 40. Rd2 {[%clk 0:02:59]} Kc6 {[%clk 0:10:51]} 41. Ke3 {[%clk
0:14:54]} f6 {[%clk 0:21:28]} 42. exf6 {[%clk 0:14:07]} gxf6 {[%clk 0:20:10]}
43. Ra2 {[%clk 0:13:24]} Kb6 {[%clk 0:19:58]} 44. Rab2 {[%clk 0:12:29]} Rg8
{[%clk 0:12:30]} 45. Rf2 {[%clk 0:09:32]} Rgd8 {[%clk 0:11:32]} 46. Rfd2 {[%clk
0:09:51]} R8d7 {[%clk 0:10:57]} 47. Rb1 {[%clk 0:09:20]} f5 {[%clk 0:09:26]}
48. Ng5 {[%clk 0:09:11]} e5 {[%clk 0:09:15]} 49. Rbb2 {[%clk 0:02:11]} exf4+
{[%clk 0:08:04]} 50. gxf4 {[%clk 0:02:36]} Bd6 {[%clk 0:08:03]} 51. Nh3 {[%clk
0:02:58]} Rg7 {[%clk 0:08:03]} 52. Rh2 {[%clk 0:02:34]} Rg3+ {[%clk 0:08:16]}
53. Kf2 {[%clk 0:02:43]} Rdxd3 {[%clk 0:08:26]} 54. Ng5 {[%clk 0:02:51]} Bxf4
{[%clk 0:08:38]} 55. Ne6 {[%clk 0:02:29]} Rgf3+ {[%clk 0:08:56]} 56. Kg1 {[%clk
0:02:47]} Bxh2+ {[%clk 0:09:14]} 57. Kxh2 {[%clk 0:03:14]} Rxb3 {[%clk
0:09:05]} 58. Rd2 {[%clk 0:03:29]} Rh3+ {[%clk 0:09:12]} 59. Kg2 {[%clk
0:03:55]} Rbg3+ {[%clk 0:09:24]} 60. Kf2 {[%clk 0:04:08]} Rh2+ {[%clk 0:09:35]}
0-1

[Event "DVM U12 2016"]
[Site "Magdeburg GER"]
[Date "2016.12.30"]
[Round "7"]
[White "Lutz, Adam"]
[Black "Leßmann, Sönke"]
[Result "1-0"]
[Termination "normal"]
[Board "7.2"]
[WhiteElo "1743"]
[BlackElo "1579"]
[WhiteTeam "USV TU Dresden"]
[BlackTeam "Rheydter SV"]
[PlyCount "85"]
[WhiteFideId "16226615"]
[BlackFideId "16222520"]
[EventCountry "GER"]
[EventRounds "7"]
[EventType "team-swiss"]
[EventDate "2016.12.26"]

1. e4 e5 2. Nf3 Nc6 3. d4 exd4 4. Nxd4 Bc5 5. Nb3 Bb6 6. a4 a6 7. Nc3 d6 8. Nd5
Be6 9. Nxb6 cxb6 10. Nd4 Nf6 11. f3 Rc8 12. c3 O-O 13. Bf4 d5 14. Nxc6 Rxc6 15.
e5 Nd7 16. Be2 f6 17. exf6 Qxf6 18. Be3 Re8 19. Bd4 Qg6 20. Qd2 Bf7 21. O-O Qh5
22. Bd3 Nc5 23. Bc2 Rce6 24. Rae1 Qh4 25. Rxe6 Rxe6 26. a5 Qe7 27. axb6 Nd7 28.
f4 Re2 29. Qd3 Qe4 30. Qg3 Qxd4+ 31. cxd4 Rxc2 32. Qb3 Rc6 33. Re1 Rxb6 34. Qa4
Nf6 35. Qa5 Rd6 36. Qc7 Re6 37. Rxe6 Bxe6 38. Qxb7 Bd7 39. Qxa6 Kf7 40. b4 Ke7
41. b5 Ne8 42. b6 g6 43. b7 1-0

[Event "DVM U12 2016"]
[Site "Magdeburg GER"]
[Date "2016.12.30"]
[Round "7"]
[White "Hansen, Jonah"]
[Black "Günther, Fabian"]
[Result "1/2-1/2"]
[Termination "normal"]
[Board "7.3"]
[WhiteElo "1265"]
[BlackElo "1255"]
[WhiteClock "00:53:11"]
[BlackClock "00:04:06"]
[WhiteTeam "Rheydter SV"]
[BlackTeam "USV TU Dresden"]
[PlyCount "86"]
[WhiteFideId "16276841"]
[BlackFideId "16240294"]
[EventCountry "GER"]
[EventRounds "7"]
[EventType "team-swiss"]
[EventDate "2016.12.26"]

1. e4 {[%clk 1:15:56]} c5 {[%clk 1:15:59]} 2. d3 {[%clk 1:16:17]} e6 {[%clk
1:16:14]} 3. Nc3 {[%clk 1:16:34]} d6 {[%clk 1:15:47]} 4. g3 {[%clk 1:16:45]} b6
{[%clk 1:15:16]} 5. Bg2 {[%clk 1:17:03]} Bb7 {[%clk 1:15:39]} 6. Nh3 {[%clk
1:17:02]} Be7 {[%clk 1:15:19]} 7. O-O {[%clk 1:17:08]} Nf6 {[%clk 1:13:20]} 8.
f4 {[%clk 1:17:25]} Nbd7 {[%clk 1:12:28]} 9. Qe2 {[%clk 1:16:47]} O-O {[%clk
1:12:18]} 10. g4 {[%clk 1:16:51]} h6 {[%clk 1:11:39]} 11. Be3 {[%clk 1:16:12]}
d5 {[%clk 1:09:41]} 12. e5 {[%clk 1:16:13]} Ne8 {[%clk 1:08:20]} 13. Nd1 {[%clk
1:16:13]} f6 {[%clk 1:06:01]} 14. exf6 {[%clk 1:16:19]} Ndxf6 {[%clk 1:03:42]}
15. g5 {[%clk 1:16:27]} hxg5 {[%clk 0:59:20]} 16. fxg5 Nh7 {[%clk 0:59:31]} 17.
Rxf8+ {[%clk 1:16:37]} Nxf8 {[%clk 0:59:31]} 18. Qh5 {[%clk 1:16:30]} Nd7
{[%clk 0:57:59]} 19. Nc3 {[%clk 1:09:10]} Rb8 {[%clk 0:47:15]} 20. Rf1 {[%clk
1:08:58]} Nef6 {[%clk 0:34:36]} 21. gxf6 {[%clk 1:09:16]} Nxf6 {[%clk 0:35:00]}
22. Qh4 {[%clk 1:09:21]} d4 {[%clk 0:34:09]} 23. Bxb7 {[%clk 1:09:05]} Rxb7
{[%clk 0:34:35]} 24. Bg5 {[%clk 1:09:23]} dxc3 {[%clk 0:34:38]} 25. bxc3 {[%clk
1:08:56]} Nd5 {[%clk 0:32:07]} 26. Bxe7 {[%clk 1:08:55]} Qxe7 {[%clk 0:32:21]}
27. Qxe7 {[%clk 1:08:57]} Rxe7 {[%clk 0:32:44]} 28. d4 {[%clk 1:06:02]} Nxc3
{[%clk 0:32:22]} 29. dxc5 {[%clk 1:06:16]} bxc5 {[%clk 0:32:30]} 30. a3 {[%clk
1:06:15]} Rf7 {[%clk 0:31:43]} 31. Re1 {[%clk 1:06:09]} Re7 {[%clk 0:29:02]}
32. Re5 {[%clk 1:06:23]} Nb5 {[%clk 0:27:30]} 33. Rxc5 {[%clk 1:05:57]} Nxa3
{[%clk 0:27:42]} 34. Ng5 {[%clk 1:05:50]} g6 {[%clk 0:27:27]} 35. Rc6 {[%clk
1:04:33]} Rd7 {[%clk 0:23:51]} 36. Ne4 {[%clk 1:04:00]} Kf7 {[%clk 0:22:02]}
37. Ng5+ {[%clk 1:00:25]} Kf6 {[%clk 0:21:35]} 38. Ne4+ {[%clk 0:58:38]} Ke5
{[%clk 0:21:15]} 39. Nf2 {[%clk 0:58:21]} Rd5 {[%clk 0:12:44]} 40. Ng4+ {[%clk
0:57:46]} Kf4 {[%clk 0:12:44]} 41. Nf2 {[%clk 0:57:14]} Rg5+ {[%clk 0:08:41]}
42. Kf1 {[%clk 0:56:49]} Rd5 {[%clk 0:04:42]} 43. Nd3+ {[%clk 0:53:11]} Kf5
{[%clk 0:04:06]} 1/2-1/2

[Event "DVM U12 2016"]
[Site "Magdeburg GER"]
[Date "2016.12.30"]
[Round "7"]
[White "Pfefferkorn, Paul"]
[Black "Reyer, Moritz"]
[Result "1-0"]
[Termination "normal"]
[Board "7.4"]
[WhiteElo "1033"]
[BlackElo "1019"]
[WhiteClock "00:22:31"]
[BlackClock "00:15:14"]
[WhiteTeam "USV TU Dresden"]
[BlackTeam "Rheydter SV"]
[PlyCount "75"]
[WhiteFideId "16255330"]
[EventCountry "GER"]
[EventRounds "7"]
[EventType "team-swiss"]
[EventDate "2016.12.26"]

1. e4 {[%clk 1:15:59]} e5 {[%clk 1:15:54]} 2. Nf3 {[%clk 1:16:17]} Nc6 {[%clk
1:16:17]} 3. Bc4 {[%clk 1:16:35]} Bc5 {[%clk 1:16:31]} 4. Nc3 {[%clk 1:16:58]}
Nf6 {[%clk 1:16:31]} 5. O-O {[%clk 1:17:11]} d6 {[%clk 1:16:14]} 6. h3 {[%clk
1:17:29]} Be6 {[%clk 1:13:45]} 7. Bb3 {[%clk 1:16:55]} O-O {[%clk 1:08:24]} 8.
d3 {[%clk 1:13:41]} h6 {[%clk 1:04:47]} 9. Be3 {[%clk 1:12:08]} Nd4 {[%clk
1:00:09]} 10. Bxd4 {[%clk 1:02:16]} Bxd4 {[%clk 0:57:20]} 11. Nb5 {[%clk
0:56:37]} Bxb2 {[%clk 0:51:38]} 12. Rb1 {[%clk 0:56:46]} Bxb3 {[%clk 0:47:26]}
13. axb3 {[%clk 0:56:39]} Qd7 {[%clk 0:47:27]} 14. Rxb2 {[%clk 0:54:46]} Qxb5
{[%clk 0:47:24]} 15. Re1 {[%clk 0:48:40]} Nd7 {[%clk 0:43:03]} 16. Qd2 {[%clk
0:43:18]} f5 {[%clk 0:38:54]} 17. c4 {[%clk 0:38:41]} Qc6 {[%clk 0:35:57]} 18.
exf5 {[%clk 0:36:48]} Rxf5 {[%clk 0:35:22]} 19. d4 {[%clk 0:37:03]} Raf8 {[%clk
0:28:58]} 20. d5 {[%clk 0:33:11]} Qc5 {[%clk 0:28:45]} 21. Ra2 {[%clk 0:30:40]}
a6 {[%clk 0:26:10]} 22. Qe3 {[%clk 0:26:11]} Qxe3 {[%clk 0:22:49]} 23. Rxe3
{[%clk 0:26:03]} Nc5 {[%clk 0:21:53]} 24. b4 {[%clk 0:25:29]} e4 {[%clk
0:22:09]} 25. Nd4 {[%clk 0:25:28]} Re5 {[%clk 0:15:36]} 26. bxc5 {[%clk
0:24:35]} dxc5 {[%clk 0:16:04]} 27. Nb3 {[%clk 0:23:18]} b5 {[%clk 0:14:11]}
28. Nxc5 {[%clk 0:22:13]} bxc4 {[%clk 0:14:03]} 29. Nd7 {[%clk 0:22:28]} Rxd5
{[%clk 0:13:55]} 30. Nxf8 {[%clk 0:22:47]} Kxf8 {[%clk 0:14:09]} 31. Rxe4
{[%clk 0:23:04]} Rd8 {[%clk 0:13:55]} 32. Rxc4 {[%clk 0:23:19]} Ke7 {[%clk
0:14:21]} 33. Rxc7+ {[%clk 0:23:10]} Kf6 {[%clk 0:14:19]} 34. Rxa6+ {[%clk
0:23:16]} Kf5 {[%clk 0:14:34]} 35. Rc5+ {[%clk 0:22:47]} Ke4 {[%clk 0:14:50]}
36. Ra1 {[%clk 0:22:27]} Kf4 {[%clk 0:14:49]} 37. Ra4+ {[%clk 0:22:39]} Rd4
{[%clk 0:15:14]} 38. Rxd4# {[%clk 0:22:31]} 1-0